1953 1697 1449 1919 1071 1152 1702 1290 1878 1056 1325 1675 1223 1388 1476 1398 1563 1586 1732 1265 1812 1101 1281 1970 1573 1960 1328 1358 1246 1653 1705 1150 1145 1279 1242 1680 1963 1568 1172 1402 1564 1644 1996 1444 1748 1964 1146 1719 1852 1169 1544 1148 1630 1750 1254 1548 1514 1710 1192 1751 1249 1392 1830 1688 1109 1775 1707 1159 1639 1139 1061 1711 1879 1085 1574 1011 1551 1219 1515 1061 1765 1278 1760 1808 1348 1292 1635 1986 1423 1585 1907 1820 1000 1839 1947 1140 1736 1182 1858 BCNSPRNW ULIB Ver.6.0+V

เปลี่ยนเป็นภาษาไทย

Change to English
 แสดงรายละเอียดบรรณานุกรม
  กลับหน้าหลัก

Brief Record : Get Marc (ISO 2709) : E-mail record : QR code < ปิดหน้าต่าง
LEADER : 00000nam 2200000uu 4500
001    13399125303
003     ULIB
008    170405s2558||||th 000 0 tha d
020    ^a9789746729857
060    ^aWJ168 พ764ร
100    ^aพิษณุ มหาวงศ์ และสุริธร สุนทรพันธ์
245    ^aโรคที่พบบ่อยในศัลยศาสตร์ระบบปัสสาวะ Common Diseases in Urology
250    ^aพิมพ์ครั้งที่ 1
260    ^aเชียงใหม่ :^bภาควิชาศัลยศาสตร์ คณะแพทยศาสตร์ มหาวิทยาลัยเชียงใหม่,^c2558
300    ^a272 หน้า^bภาพประกอบ
650    ^aระบบปัสสาวะ
650    ^aศัลยศาสตร์^xระบบปัสสาวะ
945    ^p0^l0^i001868
945    ^p0^l0^i001869
945    ^p0^l0^i001870
945    ^p0^l0^i001871
945    ^p0^l0^i001872
945    ^p0^l0^i001873
999    ^aวรรณษา ชูชัยมงคล
รายการนี้ยังไม่มีแท็ก
คุณยังไม่ได้ล็อกอิน คุณสามารถมีกิจกรรมร่วมกับเว็บไซต์ได้ แต่ต้องล็อกอินก่อน ::
  ล็อกอิน

รายการสื่อสารสนเทศ

ลำดับที่ ประเภท เลขเรียก/บาร์โค้ด สถานที่ สถานะ
1. วิทยาศาสตร์การแพทย์ และสุขภาพ
วิทยาศาสตร์การแพทย์ และสุขภาพ
สถานะ=หนังสือเก่า
WJ168 พ764ร ฉ.1 
  Barcode: 001868
ห้องสมุดวิทยาเขตสวรรค์ประชารักษ์
►ส่วนจัดเก็บหนังสือเก่า สปร
บนชั้น
  ขอยืม
2. วิทยาศาสตร์การแพทย์ และสุขภาพ
วิทยาศาสตร์การแพทย์ และสุขภาพ
สถานะ=หนังสือเก่า
WJ168 พ764ร ฉ.2 
  Barcode: 001869
ห้องสมุดวิทยาเขตสวรรค์ประชารักษ์
►ส่วนจัดเก็บหนังสือเก่า สปร
บนชั้น
  ขอยืม
3. วิทยาศาสตร์การแพทย์ และสุขภาพ
วิทยาศาสตร์การแพทย์ และสุขภาพ
สถานะ=หนังสือเก่า
WJ168 พ764ร ฉ.3 
  Barcode: 001870
ห้องสมุดวิทยาเขตสวรรค์ประชารักษ์
►ส่วนจัดเก็บหนังสือเก่า สปร
บนชั้น
  ขอยืม
4. วิทยาศาสตร์การแพทย์ และสุขภาพ
วิทยาศาสตร์การแพทย์ และสุขภาพ
สถานะ=หนังสือเก่า
WJ168 พ764ร ฉ.4 
  Barcode: 001871
ห้องสมุดวิทยาเขตสวรรค์ประชารักษ์
►ส่วนจัดเก็บหนังสือเก่า สปร
บนชั้น
  ขอยืม
5. วิทยาศาสตร์การแพทย์ และสุขภาพ
วิทยาศาสตร์การแพทย์ และสุขภาพ
สถานะ=หนังสือเก่า
WJ168 พ764ร ฉ.5 
  Barcode: 001872
ห้องสมุดวิทยาเขตสวรรค์ประชารักษ์
►ส่วนจัดเก็บหนังสือเก่า สปร
บนชั้น
  ขอยืม
6. วิทยาศาสตร์การแพทย์ และสุขภาพ
วิทยาศาสตร์การแพทย์ และสุขภาพ
WJ168 พ764ร ฉ.6 
  Barcode: 001873
ห้องสมุดวิทยาเขตสวรรค์ประชารักษ์
►หนังสือทั่วไป
บนชั้น

รายการใกล้เคียง
    หัวเรื่อง [ระบบปัสสาวะ]

BibComment


ยังไม่เคยถูกคอมเมนท์

คอมเมนท์ทรัพยากรรายการนี้
  คอมเมนท์: โรคที่พบบ่อยในศั..


 Copyright 2026. Bcnsprnw @Library